Government by judiciary / (Record no. 4402)
[ view plain ]
| 000 -LEADER | |
|---|---|
| fixed length control field | 00614nam a2200229 a 4500 |
| 001 - CONTROL NUMBER | |
| control field | 4402 |
| 003 - CONTROL NUMBER IDENTIFIER | |
| rucl marc code | BD-RjUL |
| 005 - DATE AND TIME OF LATEST TRANSACTION | |
| control field | 20211208233903.0 |
| 008 - FIXED-LENGTH DATA ELEMENTS--GENERAL INFORMATION | |
| fixed length control field | 160807m19681932nyu 001 0 eng |
| 035 ## - SYSTEM CONTROL NUMBER | |
| System control number | (BD-RjUL)4437 |
| 040 ## - CATALOGING SOURCE | |
| Original cataloging agency | DLC |
| Transcribing agency | OKentU |
| Modifying agency | DLC |
| -- | BD-RjUL |
| Language of cataloging | eng |
| 041 ## - LANGUAGE CODE | |
| Language code of text/sound track or separate title | eng |
| 082 00 - DEWEY DECIMAL CLASSIFICATION NUMBER | |
| Classification number | 347.99 |
| Author mark and year | BOG 1968 |
| Edition number | 23 |
| 100 1# - MAIN ENTRY--PERSONAL NAME | |
| Personal name | Boudin, Louis B. |
| 9 (RLIN) | 13925 |
| 245 10 - TITLE STATEMENT | |
| Title | Government by judiciary / |
| Statement of responsibility, etc. | Louis B. Boudin. |
| 260 ## - PUBLICATION, DISTRIBUTION, ETC. (IMPRINT) | |
| Place of publication, distribution, etc. | New York : |
| Name of publisher, distributor, etc. | Russell, |
| Date of publication, distribution, etc. | 1932 [Reissued 1968]. |
| 300 ## - PHYSICAL DESCRIPTION | |
| Pagination | -V- |
| Size | 24 cm. |
| 500 ## - GENERAL NOTE | |
| General note | index. |
| 505 ## - FORMATTED CONTENTS NOTE | |
| Formatted contents note | V-ii |
| 650 #0 - SUBJECT ADDED ENTRY--TOPICAL TERM | |
| Topical term or geographic name as entry element | Judicial power |
| 9 (RLIN) | 13926 |
| Chronological subdivision | United States |
| 942 ## - ADDED ENTRY ELEMENTS (KOHA) | |
| Source of classification or shelving scheme | Dewey Decimal Classification |
| Koha item type | Books |
| Lost status | Source of classification or shelving scheme | Materials specified (bound volume or other part) | Damaged status | Not for loan | Collection code | Permanent Location | Current Location | Shelving location | Date acquired | Source of acquisition | Total Checkouts | Full call number | Date last seen | Copy number | Koha item type | Cost, normal purchase price |
|---|---|---|---|---|---|---|---|---|---|---|---|---|---|---|---|---|
| Dewey Decimal Classification | V-1 | Not For Loan | Non-fiction | Central Library, University of Rajshahi | Central Library, University of Rajshahi | Reading Room | Asia Foundation | 347.99 BOG 1968 | 22/12/2013 | C-1 | Books | |||||
| Dewey Decimal Classification | Non-fiction | Central Library, University of Rajshahi | Central Library, University of Rajshahi | 26/10/1992 | Asia foundation | 347.99 BOG V-1 1968 | 02/08/2016 | C-3 | Books | 0.00 | ||||||
| Dewey Decimal Classification | Non-fiction | Central Library, University of Rajshahi | Central Library, University of Rajshahi | 26/10/1992 | Asia foundation | 347.99 BOG V-2 1968 | 02/08/2016 | C-2 | Books | 0.00 | ||||||
| Dewey Decimal Classification | Non-fiction | Central Library, University of Rajshahi | Central Library, University of Rajshahi | 21/07/1985 | Asin Foundation | 347.99 BOG V-2 1968 | 07/08/2016 | C-4 | Books |